মোকাম্মাল বেহেশতী জেওর : (Record no. 47423)
[ view plain ]
| 000 -LEADER | |
|---|---|
| fixed length control field | 00987nam a22002537a 4500 |
| 001 - CONTROL NUMBER | |
| control field | 47423 |
| 003 - CONTROL NUMBER IDENTIFIER | |
| rucl marc code | BD-RjUL |
| 005 - DATE AND TIME OF LATEST TRANSACTION | |
| control field | 20211209054318.0 |
| 008 - FIXED-LENGTH DATA ELEMENTS--GENERAL INFORMATION | |
| fixed length control field | 160808s1992 bg ||||| |||| 00| 0 ben d |
| 020 ## - INTERNATIONAL STANDARD BOOK NUMBER | |
| Terms of availability | : TK 120.00 |
| 035 ## - SYSTEM CONTROL NUMBER | |
| System control number | (BD-RjUL)47542 |
| 040 ## - CATALOGING SOURCE | |
| Original cataloging agency | BD-RjUL |
| Language of cataloging | ben |
| Transcribing agency | BD-RjUL |
| 041 ## - LANGUAGE CODE | |
| Language code of text/sound track or separate title | ben |
| 082 ## - DEWEY DECIMAL CLASSIFICATION NUMBER | |
| Edition number | 23 |
| Classification number | 297 |
| Author mark and year | THM 1992 |
| 100 ## - MAIN ENTRY--PERSONAL NAME | |
| Personal name | থানভী (রহঃ), আশরাফ আলী |
| 9 (RLIN) | 144229 |
| 245 10 - TITLE STATEMENT | |
| Title | মোকাম্মাল বেহেশতী জেওর : |
| Remainder of title | দ্বিতীয় জিলদ ৪র্থ-৭ম খণ্ড / |
| Statement of responsibility, etc. | আশরাফ আলী থানভী (রহঃ) |
| 250 ## - EDITION STATEMENT | |
| Edition statement | ২য় সং. |
| 260 ## - PUBLICATION, DISTRIBUTION, ETC. (IMPRINT) | |
| Place of publication, distribution, etc. | ঢাকা : |
| Name of publisher, distributor, etc. | তাজ কোম্পানী, |
| Date of publication, distribution, etc. | ১৯৯২ |
| 300 ## - PHYSICAL DESCRIPTION | |
| Pagination | ৩২০ পৃ. ; |
| Size | ২৫ সেমি. |
| 650 ## - SUBJECT ADDED ENTRY--TOPICAL TERM | |
| Topical term or geographic name as entry element | ইসলাম |
| 9 (RLIN) | 144230 |
| Topical term or geographic name as entry element | Islam |
| 9 (RLIN) | 144231 |
| 700 ## - ADDED ENTRY--PERSONAL NAME | |
| Personal name | সাহেব, শামসুল হক, অনুবাদ |
| 942 ## - ADDED ENTRY ELEMENTS (KOHA) | |
| Source of classification or shelving scheme | Dewey Decimal Classification |
| Koha item type | Books |
| Lost status | Source of classification or shelving scheme | Damaged status | Not for loan | Collection code | Permanent Location | Current Location | Shelving location | Date acquired | Source of acquisition | Cost, normal purchase price | Total Checkouts | Full call number | Date last seen | Copy number | Koha item type |
|---|---|---|---|---|---|---|---|---|---|---|---|---|---|---|---|
| Dewey Decimal Classification | Non-fiction | Central Library, University of Rajshahi | Central Library, University of Rajshahi | 02/07/1998 | Islami foundation, Rajshahi | 20.00 | B 297 THM 1992 | 08/08/2016 | C-2 | Books | |||||
| Dewey Decimal Classification | Non-fiction | Central Library, University of Rajshahi | Central Library, University of Rajshahi | 02/07/1998 | Islami foundation, Rajshahi | 20.00 | B 297 THM 1993 | 08/08/2016 | C-3 | Books | |||||
| Dewey Decimal Classification | Non-fiction | Central Library, University of Rajshahi | Central Library, University of Rajshahi | 05/08/1997 | Islamiya library, kolikata. | B 297 THM 1992 | 22/11/2016 | C-4 | Books | ||||||
| Dewey Decimal Classification | Not For Loan | Non-fiction | Central Library, University of Rajshahi | Central Library, University of Rajshahi | Reading Room | 15/10/2025 | B 297 THM 1992 | 15/10/2025 | C-1 | Books |